Open government: <The> global context and the way forward

Saved in:
Bibliographic Details
Format: Book
Language:English
Published: Paris OECD 2016
Subjects:
Tags: Add Tag
No Tags, Be the first to tag this record!

MARC

LEADER 00000nam a2200000 4500
001 0233470
005 20221107101125.5
020 |a 978-92-64-26809-8 
041 0 |a eng 
044 |a FR 
245 1 0 |a Open government: <The> global context and the way forward 
264 1 |a Paris  |b OECD  |c 2016 
300 |a 271 s. 
610 2 0 |a správa verejná 
610 2 0 |a transparentnosť 
610 2 0 |a riadenie strategické 
610 2 0 |a hospodárstvo otvorené 
610 2 0 |a reformy 
610 2 0 |a spoločnosť občianska 
610 2 0 |a médiá 
610 2 0 |a politika verejná